Southville International School and Colleges
Your cart is empty.
  • Cart
  • Lists
    Public lists Eva Luna New books Lux_list list_1
    Your lists Log in to create your own lists
  • Log in to your account
  • Your cookies
  • Search history
Southville International School and Colleges
  • Advanced search
  • Recent comments
  • Most popular
  • Libraries

Log in to your account

Log in with GOOGLE


If you do not have an external account, but do have a local account, you can still log in:

  1. Home
  2. MARC view: Sustainable development :
Normal view MARC view ISBD view

Sustainable development : (Record no. 10324)

[ view plain ]
MARC details
000 -LEADER
fixed length control field 00687nam a22002177a 4500
003 - CONTROL NUMBER IDENTIFIER
control field SISC
005 - DATE AND TIME OF LATEST TRANSACTION
control field 20160406134517.0
008 - FIXED-LENGTH DATA ELEMENTS--GENERAL INFORMATION
fixed length control field 130904t xxu||||| |||| 00| 0 eng d
020 ## - INTERNATIONAL STANDARD BOOK NUMBER
International Standard Book Number 97105453
050 ## - LIBRARY OF CONGRESS CALL NUMBER
Classification number HC 79.E5
Item number .So714 1995
082 ## - DEWEY DECIMAL CLASSIFICATION NUMBER
Classification number HS 338.91
Item number So6 1995
100 ## - MAIN ENTRY--PERSONAL NAME
Personal name Soriano, Luz Emmanuel
9 (RLIN) 16456
245 ## - TITLE STATEMENT
Title Sustainable development :
Remainder of title a Philippine perspective /
Statement of responsibility, etc Luz Emmanuel Soriano.
260 ## - PUBLICATION, DISTRIBUTION, ETC. (IMPRINT)
Place of publication, distribution, etc Quezon City :
Name of publisher, distributor, etc Phoenix Pub.,
Date of publication, distribution, etc c1995.
300 ## - PHYSICAL DESCRIPTION
Extent 298 p. :
Other physical details ill. ;
Dimensions 26 cm.
650 ## - SUBJECT ADDED ENTRY--TOPICAL TERM
Topical term or geographic name as entry element Technical assistance ,Philippine.
9 (RLIN) 16457
650 ## - SUBJECT ADDED ENTRY--TOPICAL TERM
Topical term or geographic name as entry element Modernization.
9 (RLIN) 16458
650 ## - SUBJECT ADDED ENTRY--TOPICAL TERM
Topical term or geographic name as entry element Philippines
General subdivision Economic policy.
9 (RLIN) 16459
942 ## - ADDED ENTRY ELEMENTS (KOHA)
Source of classification or shelving scheme Library of Congress Classification
Koha item type Books
Holdings
Withdrawn status Lost status Source of classification or shelving scheme Damaged status Home library Current library Shelving location Date acquired Total Checkouts Full call number Barcode Date last seen Copy number Price effective from Koha item type
    Library of Congress Classification   Luxembourg Library Luxembourg Library High School Section 09/04/2013   HC 79.E5 .So714 1995 9070 04/06/2016 1 09/04/2013 Books

Sustainable development :

APA

Soriano L. E., . (1995). Sustainable development. Quezon City: Phoenix Pub.

Chicago

Soriano Luz Emmanuel, . 1995. Sustainable development. Quezon City: Phoenix Pub.

Harvard

Soriano L. E., . (1995). Sustainable development. Quezon City: Phoenix Pub.

MLA

Soriano Luz Emmanuel, . Sustainable development. Quezon City: Phoenix Pub. 1995.

  • Place hold
  • Print
  • Cite
  • Add to your cart (remove)
  • Save record
    BIBTEX Dublin Core MARCXML MARC (non-Unicode/MARC-8) MARC (Unicode/UTF-8) MARC (Unicode/UTF-8, Standard) MODS (XML) RIS
  • More searches
    Search for this title in:
    Other Libraries (WorldCat) Other Databases (Google Scholar) Online Stores (Bookfinder.com) Open Library (openlibrary.org)

Exporting to Dublin Core...

SOUTHVILLE LIBRARY

Southville International School and Colleges Library

1281 Tropical Ave. Cor. Luxembourg St., BF Homes International, Las Pinas City

Tel. No. 8256374 / 252358 Loc. 117/146

Powered by Koha